Countries closest to Kyrgyzstan - Statistics

General Stats
  • This quiz has been taken 16 times
  • The average score is 8 of 8
Answer Stats
Hint Answer % Correct
Asia India
100%
Asia Kazakhstan
100%
Asia Turkmenistan
100%
Asia Uzbekistan
100%
Asia China
93%
Asia Pakistan
93%
Asia Tajikistan
93%
Asia Afghanistan
87%
No matching quizzes found
Score Distribution
Percent of People with Each Score
Percentile by Number Answered
Your Score History
You have not taken this quiz